000 00713nam a2200229 a 4500
001 000020579
003 DO-SdBNP
005 20240228133748.0
007 ta
008 100810d2015 a 000 0 spa d
020 _a9789945454499
040 _aDO-SdBNP
_bspa
_cBNPHU
082 4 _a610.7
_bC355h
_222
100 1 1 _aCastro Ventura, Santiago
_91837
245 1 0 _aHistoria de la educación médica dominicana. /
_cSantiago Castro Ventura
260 _aSanto Domingo :
_bManati,
_c2015.
300 _a460 p. :
_bil. ;
_c24 cm.
590 _aInventariado, 2020 / DG
650 4 _aEducacición médica
_zRepública Dominicana
_xHistoria
_982474
910 _aValidado. Control de calidad MFF
942 _2ddc
_cLBS1
999 _c20083
_d20083